000 00575nam a2200157 a 4500
001 000038603
005 20201002031317.0
008 130416s2012 dr 000 0 spa d
040 _aDO-SdBNP
_bspa
_cBNPHU
110 1 _aRepública Dominicana
_9447
240 1 0 _a[leyes,etc.]
245 1 0 _aDec. 490-07. Reglamento de compras y contrataciones de bienes, servicios y conseciones :
_bMod. por la ley 449-06 adaptado para estudio comparativo.
260 _aSanto Domingo :
_bEdiciones Dalis,
_c2012.
300 _a132 p. ;
_c22 cm.
500 _aIncluye notas al pie de las páginas
999 _c38093
_d38093